Sports Quiz

Random Sports or NBA Quiz

NBA Eastern Conf. 2012-2103 Depth Charts Quiz Stats

 Plays Quiz not verified by Sporcle

Challenge
Share
Tweet
Embed
Score 0/222 Timer 20:00
0 Plays Today
Team (Position) Player % Correct
MIA (PG - Starter)Mario Chalmers
96.4%
MIA (SG - Starter)Dwyane Wade
89.1%
MIA (PG - 2nd String)Norris Cole
85.5%
MIA (SF - Starter)LeBron James
85.5%
MIA (SG - 2nd String)Ray Allen
81.8%
MIA (SG - 3rd String)Mike Miller
70.9%
MIA (PF - Starter)Shane Battier
70.9%
MIA (C - Starter)Chris Bosh
70.9%
MIA (PF - 2nd String)Udonis Haslem
63.6%
ORL (PG - Starter)Jameer Nelson
60%
MIA (SF - 2nd String)Rashard Lewis
58.2%
MIA (C - 2nd String)Joel Anthony
58.2%
ORL (SG - Starter)Arron Afflalo
49.1%
ORL (PF - Starter)Glen Davis
47.3%
MIA (C - 3rd String)Dexter Pittman
45.5%
ORL (SF - Starter)Hedo Turkoglu
45.5%
IND (C - Starter)Roy Hibbert
41.8%
WAS (PG - Starter)John Wall
41.8%
ATL (PG - Starter)Devin Harris
40%
ATL (PG - 2nd String)Jeff Teague
40%
CHI (PG - Starter)Derrick Rose
40%
WAS (C - Starter)Nene
40%
BOS (PG - Starter)Rajon Rondo
40%
TOR (PF - Starter)Andrea Bargnani
40%
MIA (SF - 3rd String)James Jones
38.2%
ATL (C - Starter)Al Horford
38.2%
BOS (PG - 2nd String)Avery Bradley
38.2%
BOS (SG - 2nd String)Jason Terry
38.2%
BOS (SF - Starter)Paul Pierce
38.2%
BOS (PF - Starter)Brandon Bass
38.2%
BOS (C - Starter)Kevin Garnett
38.2%
BKN (C - Starter)Brook Lopez
38.2%
NYK (PG - Starter)Raymond Felton
38.2%
NYK (PG - 2nd String)Jason Kidd
38.2%
ATL (PF - Starter)Josh Smith
36.4%
CHI (PG - 2nd String)Kirk Hinrich
36.4%
CHI (SG - Starter)Richard Hamilton
36.4%
CHI (SF - Starter)Luol Deng
36.4%
CHI (PF - Starter)Carlos Boozer
36.4%
CHI (C - Starter)Joakim Noah
36.4%
WAS (SG - Starter)Bradley Beal
36.4%
BOS (SG - Starter)Courtney Lee
36.4%
TOR (PG - Starter)Kyle Lowry
36.4%
TOR (PG - 2nd String)Jose Calderon
36.4%
DET (PG - Starter)Brandon Knight
36.4%
DET (C - Starter)Greg Monroe
36.4%
BKN (PG - Starter)Deron Williams
36.4%
NYK (SF - Starter)Carmelo Anthony
36.4%
CLE (PG - Starter)Kyrie Irving
36.4%
CHI (PF - 2nd String)Taj Gibson
34.5%
IND (PG - Starter)George Hill
34.5%
IND (SG - Starter)Paul George
34.5%
IND (SF - Starter)Danny Granger
34.5%
IND (PF - Starter)David West
34.5%
TOR (SF - Starter)DeMar DeRozan
34.5%
DET (SG - Starter)Rodney Stuckey
34.5%
DET (SF - Starter)Tayshaun Prince
34.5%
BKN (SG - Starter)Joe Johnson
34.5%
BKN (SF - Starter)Gerald Wallace
34.5%
BKN (PF - Starter)Kris Humphries
34.5%
NYK (PF - Starter)Amare Stoudemire
34.5%
NYK (C - Starter)Tyson Chandler
34.5%
CLE (C - Starter)Anderson Varejao
34.5%
ORL (C - Starter)Gustavo Ayon
32.7%
ATL (SF - Starter)Kyle Korver
32.7%
IND (PG - 2nd String)D.J. Augustin
32.7%
WAS (SG - 2nd String)Jordan Crawford
32.7%
WAS (SF - Starter)Trevor Ariza
32.7%
TOR (PF - 2nd String)Amir Johnson
32.7%
NYK (SG - 3rd String)Iman Shumpert
32.7%
CHA (PG - 2nd String)Kemba Walker
32.7%
MIL (SG - Starter)Monta Ellis
32.7%
ORL (SG - 2nd String)J.J. Redick
30.9%
ATL (SG - 2nd String)Lou Williams
30.9%
Team (Position) Player % Correct
IND (PF - 2nd String)Tyler Hansbrough
30.9%
DET (C - 2nd String)Andre Drummond
30.9%
NYK (SG - Starter)J.R. Smith
30.9%
CHA (PG - Starter)Ramon Sessions
30.9%
CLE (SG - 3rd String)Dion Waiters
30.9%
CLE (PF - Starter)Tristan Thompson
30.9%
PHI (PG - Starter)Jrue Holiday
30.9%
MIL (PG - Starter)Brandon Jennings
30.9%
ATL (C - 2nd String)Zaza Pachulia
29.1%
WAS (C - 3rd String)Emeka Okafor
29.1%
TOR (SG - 2nd String)Landry Fields
29.1%
TOR (PF - 3rd String)Ed Davis
29.1%
DET (PG - 2nd String)Will Bynum
29.1%
DET (PF - Starter)Jonas Jerebko
29.1%
CHA (SG - 2nd String)Gerald Henderson
29.1%
PHI (C - Starter)Andrew Bynum
29.1%
MIA (SG - 4th String)Terrel Harris
27.3%
ORL (PF - 2nd String)Al Harrington
27.3%
BOS (SF - 2nd String)Jeff Green
27.3%
BOS (PF - 2nd String)Jared Sullinger
27.3%
TOR (C - Starter)Jonas Valanciunas
27.3%
DET (PF - 2nd String)Charlie Villanueva
27.3%
BKN (SG - 2nd String)MarShon Brooks
27.3%
NYK (SG - 2nd String)Ronnie Brewer
27.3%
NYK (C - 2nd String)Marcus Camby
27.3%
CHA (SG - Starter)Ben Gordon
27.3%
CHA (SF - Starter)Michael Kidd-Gilchrist
27.3%
CLE (SF - Starter)Alonzo Gee
27.3%
PHI (SF - Starter)Evan Turner
27.3%
PHI (PF - Starter)Spencer Hawes
27.3%
MIL (PF - 2nd String)Ersan Ilyasova
27.3%
ORL (SF - 3rd String)Moe Harkless
25.5%
CHI (PG - 3rd String)Marquis Teague
25.5%
BOS (C - 3rd String)Fab Melo
25.5%
TOR (SG - Starter)Terrence Ross
25.5%
DET (SF - 3rd String)Austin Daye
25.5%
BKN (PG - 2nd String)C.J. Watson
25.5%
NYK (SF - 2nd String)Steve Novak
25.5%
CHA (PF - Starter)Bismack Biyombo
25.5%
CHA (C - 2nd String)Byron Mullens
25.5%
CLE (SG - 2nd String)Daniel Gibson
25.5%
CLE (SF - 2nd String)Omri Casspi
25.5%
PHI (SG - Starter)Jason Richardson
25.5%
PHI (SF - 2nd String)Thaddeus Young
25.5%
ATL (SG - Starter)Anthony Morrow
23.6%
ATL (PF - 3rd String)Ivan Johnson
23.6%
TOR (PG - 3rd String)John Lucas
23.6%
TOR (SF - 2nd String)Linas Kleiza
23.6%
BKN (PF - 2nd String)Reggie Evans
23.6%
ORL (C - 2nd String)Nikola Vucevic
21.8%
WAS (PG - 2nd String)A.J. Price
21.8%
WAS (SF - 2nd String)Jan Vesely
21.8%
DET (SF - 2nd String)Corey Maggette
21.8%
DET (PF - 3rd String)Jason Maxiell
21.8%
PHI (SG - 2nd String)Nick Young
21.8%
MIL (C - Starter)Samuel Dalembert
21.8%
ORL (SF - 2nd String)Quentin Richardson
20%
CHI (C - 2nd String)Nazr Mohammed
20%
IND (SG - 2nd String)Lance Stephenson
20%
IND (SF - 2nd String)Gerald Green
20%
NYK (PG - 3rd String)Pablo Prigioni
20%
CHA (C - Starter)Brendan Haywood
20%
MIL (SF - Starter)Mike Dunleavy
20%
MIL (PF - Starter)Drew Gooden
20%
WAS (C - 4th String)Kevin Seraphin
18.2%
ATL (SF - 2nd String)DeShawn Stevenson
18.2%
CHI (SG - 2nd String)Marco Belinelli
18.2%
CHI (SG - 3rd String)Nate Robinson
18.2%
CHI (SF - 2nd String)Jimmy Butler
18.2%
IND (C - 2nd String)Ian Mahinmi
18.2%
WAS (PG - 3rd String)Shelvin Mack
18.2%
WAS (SF - 3rd String)Chris Singleton
18.2%
BKN (PF - 3rd String)Mirza Teletovic
18.2%
BKN (C - 2nd String)Andray Blatche
18.2%
Team (Position) Player % Correct
NYK (PF - 2nd String)Kurt Thomas
18.2%
CHA (PF - 2nd String)Tyrus Thomas
18.2%
PHI (SF - 3rd Strings)Dorell Wright
18.2%
MIL (C - 2nd String)Ekpe Udoh
18.2%
ORL (PG - 2nd String)Ishmael Smith
16.4%
ATL (SG - 3rd String)John Jenkins
16.4%
ATL (C - 3rd String)Johan Petro
16.4%
WAS (C - 2nd String) Trevor Booker
16.4%
BOS (PF - 3rd String)Chris Wilcox
16.4%
TOR (SG - 2nd String)Alan Anderson
16.4%
CLE (SG - Starter)C.J. Miles
16.4%
CLE (C - 2nd String)Tyler Zeller
16.4%
PHI (PG - 2nd String)Royal Ivey
16.4%
MIL (PF - 3rd String)John Henson
16.4%
ORL (PF - 3rd String)Josh McRoberts
14.5%
ORL (PF - 5th String)Andrew Nicholson
14.5%
BOS (SF - 3rd String)Kris Joseph
14.5%
BOS (C - 2nd String)Jason Collins
14.5%
DET (SF - 4th String)Kyle Singler
14.5%
BKN (PG - 3rd String)Tyshawn Taylor
14.5%
BKN (SF - 2nd String)Josh Childress
14.5%
CHA (SF - 2nd String)Jeffery Taylor
14.5%
PHI (PF - 2nd String)Lavoy Allen
14.5%
MIL (PG - 2nd String)Beno Udrih
14.5%
MIL (C - 3rd String)Larry Sanders
14.5%
MIA (PF - 3rd String)Jarvis Varnado
12.7%
ORL (SG - 4th String)E'Twaun Moore
12.7%
ORL (PF - 4th String)Justin Harper
12.7%
ORL (C - 3rd String)Kyle O'Quinn
12.7%
IND (PF - 3rd String)Jeff Pendergraph
12.7%
WAS (SG - 3rd String)Martell Webster
12.7%
BKN (SG - 3rd String)Keith Bogans
12.7%
BKN (SF - 3rd String)Jerry Stackhouse
12.7%
NYK (SF - 4th String)Chris Copeland
12.7%
CHA (C - 3rd String)DeSagana Diop
12.7%
CLE (PG - 3rd String)Jeremy Pargo
12.7%
CLE (SF - 3rd String)Luke Walton
12.7%
MIL (SF - 2nd String)Luc Richard Mbah a Moute
12.7%
ATL (PF - 2nd String)Anthony Tolliver
10.9%
ATL (PF - 4th String)Mike Scott
10.9%
CHI (PF - 3rd String)Vladimir Radmanovic
10.9%
IND (C - 3rd String)Miles Plumlee
10.9%
WAS (SF - 4th String)Cartier Martin
10.9%
DET (SG - 2nd String)Kim English
10.9%
BKN (SF - 4th String)Tornike Shengelia
10.9%
CLE (PG - 2nd String)Donald Sloan
10.9%
PHI (PF - 3rd String)Arnett Moultrie
10.9%
PHI (C - 2nd String)Kwame Brown
10.9%
MIA (C - 4th String)Mickell Gladness
9.1%
ORL (SG - 3rd String)Christian Eyenga
9.1%
IND (SG - 3rd String)Orlando Johnson
9.1%
TOR (PF - 4th String)Quincy Acy
9.1%
DET (C - 3rd String)Slava Kravtsov
9.1%
NYK (SG - 4th String)Chris Smith
9.1%
NYK (SF - 3rd String)James White
9.1%
CHA (SG - 3rd String)Reggie Williams
9.1%
CLE (PF - 2nd String)Jon Leuer
9.1%
CLE (PF - 3rd String)Samardo Samuels
9.1%
PHI (PG - 3rd String)Maalik Wayns
9.1%
MIL (SF - 3rd String)Tobias Harris
9.1%
IND (SF - 3rd String)Sam Young
7.3%
BOS (PG - 3rd String)Jamar Smith
7.3%
BOS (SG - 4th String)Dionte Christmas
7.3%
CLE (PF - 4th String)Luke Harangody
7.3%
CLE (C - 3rd String)Michael Eric
7.3%
MIL (SG - 2nd String)Doron Lamb
7.3%
MIL (C - 4th String)Joel Przybilla
7.3%
IND (PG - 3rd String)Sundiata Gaines
5.5%
IND (PF - 4th String)Blake Ahearn
5.5%
BOS (SG - 3rd String)Keyon Dooling
5.5%
DET (PF - 4th String)Khris Middleton
5.5%
CLE (SF - 4th String)Kelenna Azubuike
5.5%
MIA (SF - 4th String)Garrett Temple
3.6%
TOR (SF - 3rd String)Dominic McGuire
3.6%

You're not logged in!

Compare scores with friends on all Sporcle quizzes.
Join for Free
OR
Log In

You Might Also Like...

Show Comments

Extras

Top Quizzes Today


Score Distribution

Your Account Isn't Verified!

In order to create a playlist on Sporcle, you need to verify the email address you used during registration. Go to your Sporcle Settings to finish the process.

Report this User

Report this user for behavior that violates our Community Guidelines.

Details: